| 000 | 00350nam a22001577a 4500 | ||
|---|---|---|---|
| 003 | SGT | ||
| 020 | _a9789354661631 | ||
| 082 |
_a611 _bH24S |
||
| 100 | _aSONTAKKE, YOGESH | ||
| 245 | _aTB. OF HUMAN ANATOMY: LOWER LIMB VOL-3 | ||
| 250 | _a1ST | ||
| 260 |
_aINDIA _bCBS PUB _c2024 |
||
| 300 | _a238 | ||
| 650 | _aHUMAN ANATOMY | ||
| 942 |
_2ddc _cBK |
||
| 999 |
_c33651 _d33651 |
||